000 00330nam a2200133Ia 4500
005 20251222155145.0
008 251222s9999||||xx |||||||||||||| ||spa||
082 _aPED.01.1
100 _aBEHRMAN V.
245 0 _aNelson Tratado de PediatrĂ­a 12a. Edic. Vol. I
250 _a9na. ed.
264 _bInteramericana
942 _cLIB
999 _c39325
_d39325